000 00705nam a2200229 a 4500
001 51095
003 BD-RjUL
005 20211209075617.0
008 160829r19511950nyu 000 0 eng
035 _a(BD-RjUL) 51215
040 _aDLC
_cAzU
_dAzU
_dDLC
_dBD-RjUL
_beng
041 _aeng
082 _a421.9
_223
_bBRP 1956
100 1 0 _aBrittain, Robert
_9150828
245 1 0 _aPunctuation :
_ba practical method based on meaning /
_cRobert Brittain
260 _aNew York :
_bBarnes & Noble,
_cc1950 [Reprinted 1951]
300 _a89 p. ;
_c21 cm.
490 0 _aCollege outline series
650 0 _aEnglish language
_xPunctuation.
_9133957
830 _aCollege outline series
_9152856
942 _2ddc
_cBK
999 _c51095
_d51095